Placez les pays sur une carte sans frontières #3 - Statistiques

Statistiques générales
  • Ce quiz a été pris 29 387 fois
  • Le résultat moyen est 11 sur 25
Réponses sur la Carte
Les réponses sont colorées sur une échelle allant du rouge au vert en fonction du pourcentage des utilisateurs qui les ont devinées à leur premier essai. Vous pouvez retrouver ces pourcentages ci-dessous.
 
Statistiques - réponses
Réponse % Correct
Espagne
97%
États-Unis
97%
Madagascar
90%
Corée du Sud
80%
Italie
78%
Tunisie
67%
Colombie
66%
Philippines
64%
Chypre
48%
République Dominicaine
38%
Angola
36%
Bangladesh
36%
Oman
33%
Soudan
25%
Royaume-Uni
24%
Uruguay
24%
Singapour
23%
Ukraine
22%
Birmanie
19%
États Fédérés de Micronésie
19%
Tanzanie
14%
Vanuatu
14%
Antigua-et-Barbuda
13%
Azerbaïdjan
13%
Grenade
12%
Aucun quiz correspondant
Distribution des résultats
% des personnes avec chaque résultat
Percentile par nombre de réponses
Votre historique - résultats
Vous n’avez pas pris ce quiz